书目信息 |
| 题名: |
海洋资源环境承载能力评价预警技术与实践
|
|
| 作者: | 张志峰 著 | |
| 分册: | ||
| 出版信息: | 北京 海洋出版社 2019.12 |
|
| 页数: | 184页 | |
| 开本: | 28cm | |
| 丛书名: | ||
| 单 册: | ||
| 中图分类: | X834 | |
| 科图分类: | ||
| 主题词: | 环境监测 | |
| 电子资源: | ||
| ISBN: | 7-5210-0447-7 | |
| 000 | 00676nam0 2200205 450 | |
| 001 | 2354492648 | |
| 005 | 20230216151129.35 | |
| 010 | @a7-5210-0447-7@dCNY110.00 | |
| 100 | @a20230216d2019 km y0chiy0120 ea | |
| 101 | 0 | @achi |
| 102 | @aCN@b110000 | |
| 102 | @aCN@b110000 | |
| 200 | 1 | @a海洋资源环境承载能力评价预警技术与实践@AHai Yang Zi Yuan Huan Jing Cheng Zai Neng Li Ping Jia Yu Jing Ji Shu Yu Shi Jian@f张志峰等著@FZhang Zhi Feng Deng Zhu |
| 210 | @a北京@c海洋出版社@d2019.12 | |
| 215 | @a184页@d28cm | |
| 606 | 0 | @a环境监测 |
| 690 | @aX834@v4 | |
| 701 | 0 | @a张志峰@AZhang Zhi Feng@4著 |
| 801 | 0 | @aCN@b大连网信软件有限公司图书馆·11@c20230216 |
| 905 | @aZUCC@dX834@e781 | |
| 海洋资源环境承载能力评价预警技术与实践/张志峰等著.-北京:海洋出版社,2019.12 |
| 184页;28cm |
| ISBN 7-5210-0447-7:CNY110.00 |
| ● |
| 相关链接 |
|
|
|
|
正题名:海洋资源环境承载能力评价预警技术与实践
索取号:X834/781
 
预约/预借
| 序号 | 登录号 | 条形码 | 馆藏地/架位号 | 状态 | 备注 |
| 1 | 1052699 | 210526992 | 第二样本阅览室/ [索取号:X834/781] | 在馆 |